<?xml version="1.0" encoding="UTF-8"?>
<record
    xmlns:xsi="http://www.w3.org/2001/XMLSchema-instance"
    xsi:schemaLocation="http://www.loc.gov/MARC21/slim http://www.loc.gov/standards/marcxml/schema/MARC21slim.xsd"
    xmlns="http://www.loc.gov/MARC21/slim">

  <leader>01745nas a22004451a 4500</leader>
  <controlfield tag="001">59143</controlfield>
  <controlfield tag="003">CO-BoRNBP</controlfield>
  <controlfield tag="005">20250912160844.0</controlfield>
  <controlfield tag="007">ta</controlfield>
  <controlfield tag="008">080327t2003    pe ad  gr     001 0 spa d</controlfield>
  <datafield tag="020" ind1=" " ind2=" ">
    <subfield code="a">997297703X</subfield>
  </datafield>
  <datafield tag="040" ind1=" " ind2=" ">
    <subfield code="a">CO-BoUNC</subfield>
    <subfield code="b">spa</subfield>
    <subfield code="c">Meta</subfield>
  </datafield>
  <datafield tag="082" ind1="0" ind2=" ">
    <subfield code="a">638.1</subfield>
    <subfield code="b">S669</subfield>
    <subfield code="2">21</subfield>
  </datafield>
  <datafield tag="084" ind1=" " ind2=" ">
    <subfield code="a">638.1 S669</subfield>
  </datafield>
  <datafield tag="100" ind1="1" ind2=" ">
    <subfield code="a">S&#xE1;nchez Reyes, Cristian</subfield>
    <subfield code="9">64902</subfield>
  </datafield>
  <datafield tag="245" ind1="1" ind2=" ">
    <subfield code="a">Crianza y producci&#xFFFD;n de abejas :</subfield>
    <subfield code="b">Apicultura /</subfield>
    <subfield code="c">Cristian S&#xFFFD;nchez Reyes.</subfield>
  </datafield>
  <datafield tag="250" ind1=" " ind2=" ">
    <subfield code="a">1a. edici&#xF3;n</subfield>
  </datafield>
  <datafield tag="300" ind1=" " ind2=" ">
    <subfield code="a">135 p. :</subfield>
    <subfield code="b">il.</subfield>
  </datafield>
  <datafield tag="336" ind1=" " ind2=" ">
    <subfield code="2">rdacontent</subfield>
    <subfield code="a">texto</subfield>
    <subfield code="b">txt</subfield>
  </datafield>
  <datafield tag="337" ind1=" " ind2=" ">
    <subfield code="2">rdamedia</subfield>
    <subfield code="a">sin mediaci&#xF3;n</subfield>
    <subfield code="b">n</subfield>
  </datafield>
  <datafield tag="338" ind1=" " ind2=" ">
    <subfield code="2">rdacarrier</subfield>
    <subfield code="a">volumen</subfield>
    <subfield code="b">nc</subfield>
  </datafield>
  <datafield tag="504" ind1=" " ind2=" ">
    <subfield code="a">Incluye referencias bibliogr&#xFFFD;ficas (p. 135)</subfield>
  </datafield>
  <datafield tag="505" ind1="0" ind2=" ">
    <subfield code="a">&#xFFFD;ndice de contenido : Las abejas - Anatom&#xFFFD;a de la abeja - Apicultura - La miel - Jalea real - El polen - Prop&#xFFFD;leo o propolis - La cera - La apitoxina - La apiterapia</subfield>
  </datafield>
  <datafield tag="650" ind1="1" ind2=" ">
    <subfield code="a">Apicultura</subfield>
    <subfield code="2">Tesauro Agrovoc</subfield>
    <subfield code="9">64903</subfield>
  </datafield>
  <datafield tag="650" ind1="1" ind2=" ">
    <subfield code="a">Apiculture</subfield>
    <subfield code="2">Tesauro Agrovoc</subfield>
    <subfield code="9">64904</subfield>
  </datafield>
  <datafield tag="650" ind1="1" ind2=" ">
    <subfield code="a">Manejo del apiario</subfield>
    <subfield code="2">Tesauro Agrovoc</subfield>
    <subfield code="9">64905</subfield>
  </datafield>
  <datafield tag="650" ind1="1" ind2=" ">
    <subfield code="a">Hive management</subfield>
    <subfield code="2">Tesauro Agrovoc</subfield>
    <subfield code="9">64906</subfield>
  </datafield>
  <datafield tag="650" ind1="1" ind2=" ">
    <subfield code="a">Productos de la colmena</subfield>
    <subfield code="2">Tesauro Agrovoc</subfield>
    <subfield code="9">64907</subfield>
  </datafield>
  <datafield tag="650" ind1="1" ind2=" ">
    <subfield code="a">Hive products</subfield>
    <subfield code="2">Tesauro Agrovoc</subfield>
    <subfield code="9">64908</subfield>
  </datafield>
  <datafield tag="650" ind1="1" ind2=" ">
    <subfield code="a">Recolecci&#xFFFD;n de miel</subfield>
    <subfield code="2">Tesauro Agrovoc</subfield>
    <subfield code="9">64909</subfield>
  </datafield>
  <datafield tag="650" ind1="1" ind2=" ">
    <subfield code="a">Honey collection</subfield>
    <subfield code="2">Tesauro Agrovoc</subfield>
    <subfield code="9">64910</subfield>
  </datafield>
  <datafield tag="650" ind1="1" ind2=" ">
    <subfield code="a">Nutrici&#xFFFD;n animal</subfield>
    <subfield code="2">Tesauro Unesco</subfield>
    <subfield code="9">64911</subfield>
  </datafield>
  <datafield tag="650" ind1="1" ind2=" ">
    <subfield code="a">Animal nutrition</subfield>
    <subfield code="2">Tesauro Unesco</subfield>
    <subfield code="9">64912</subfield>
  </datafield>
  <datafield tag="650" ind1="1" ind2=" ">
    <subfield code="a">Gen&#xFFFD;tica animal</subfield>
    <subfield code="2">Tesauro Unesco</subfield>
    <subfield code="9">64913</subfield>
  </datafield>
  <datafield tag="650" ind1="1" ind2=" ">
    <subfield code="a">Animal genetics</subfield>
    <subfield code="2">Tesauro Unesco</subfield>
    <subfield code="9">64914</subfield>
  </datafield>
  <datafield tag="650" ind1="1" ind2=" ">
    <subfield code="a">Apidae</subfield>
    <subfield code="2">Tesauro Agrovoc</subfield>
    <subfield code="9">64915</subfield>
  </datafield>
  <datafield tag="650" ind1="1" ind2=" ">
    <subfield code="a">Abeja mel&#xFFFD;fera</subfield>
    <subfield code="2">Tesauro Agrovoc</subfield>
    <subfield code="9">64916</subfield>
  </datafield>
  <datafield tag="650" ind1="1" ind2=" ">
    <subfield code="a">Honey bees</subfield>
    <subfield code="2">Tesauro Agrovoc</subfield>
    <subfield code="9">64917</subfield>
  </datafield>
  <datafield tag="942" ind1=" " ind2=" ">
    <subfield code="2">ddc</subfield>
    <subfield code="c">BK</subfield>
  </datafield>
  <datafield tag="999" ind1=" " ind2=" ">
    <subfield code="c">59143</subfield>
    <subfield code="d">59143</subfield>
  </datafield>
</record>
